000 00770aas a2200229 4500
999 _c4300
_d4300
003 BR-BrBNA
005 20230317234059.0
007 ta
008 230119b bl ||||| |||| 00| 0 por d
022 _a1679-8759
035 _a000485-5
040 _aBR-BrBNA
_bEng
_cBR-BrBNA
042 _a098483-3
044 _abl
245 _aBrazilian Journal of Oceanography (Brazil)
260 _aSão Paulo, SP (Brazil)
_bInstituto Oceanográfico - USP
_c2004
_eBSP
270 _aPraça do Oceanográfico, 191 - Cidade Universitária - Cep: 05508-900
310 _asemestral (duas vezes por ano
505 _a2004 52(1-4); 2005 53(1-4); 2006 54(1-4); 2007 55(1-4); 2008 56(1-4); 2009 57(1-4); 2010 58(1-4); 2011 59(1-4); 2012 60(1);
909 _a56
_bSergio Santos
_c56
_dSergio Santos
942 _cCR
_2AGRIS